000 00275nam a22001217a 4500
082 _a823
_bDOD/S
100 _aDODD, E F
245 _aTHE SNAKE CHAMBER AND OTHER STORIES
260 _aMADRAS
_bMACMILLAN
_c1953
300 _a64
650 _aENGLISH STORIES
_zINDIA
942 _cBK
999 _c7369
_d7369